000 00410nam a2200157Ia 4500
008 230711s9999||||xx |||||||||||||| ||und||
041 _aENG
082 _a720
_bBR-S
100 _aBrooks,RG
245 0 _aSite planning environment,process and development
250 _a1st . Ed.
260 _c1988
_aNew Jersy
_bPrentice-Hall of India Private Limited
300 _a322
650 _aArchitecture
942 _cBK
999 _c2818
_d2818